000 00456nam a2200193Ia 4500
008 210210b1941 xxu||||| |||| 00| 0 eng d
041 _aeng
082 _a543 BRUP
100 _aBRUCE (James)
245 _aPractical chemistry Ed 5
260 _aLondon
_bMacmillan & Co. Ltd.
_c1941
650 _aPractical
650 _aEd
650 _achemistry
650 _a5
690 _aAnalytical Chemistry
700 _aHARPER (Harry)
906 _a009890
999 _c140584
_d140584